Statistics for World War II Trivia

Click here to take the quiz!

General Stats

  • This quiz has been taken 8,802 times
    (5,966 since last reset)
  • The average score is 12 of 16

Answer Stats

Hint Answer % Correct
Leader of Nazi GermanyAdolf Hitler
100%
Soviet DictatorJoseph Stalin
96%
The German invasion of ______ on September 1, 1939 started World War Two.Poland
93%
The United States entered the war after the Japanese bombing of _____ ______.Pearl Harbor
92%
Leader of Fascist ItalyBenito Mussolini
90%
The German capital of ______ was captured, ending the war in Europe.Berlin
90%
The city of __________ was the first to be atomic bombed.Hiroshima
89%
The Allied invasion of France, on June 6, 1944, occurred in what French region?Normandy
83%
Operation Barbarossa was the German invasion of whom?The Soviet Union
78%
In "The Battle of Britain", The RAF and the German _________ battled for air superiority.Luftwaffe
74%
The Battle of __________ was the turning point in the war in Eastern Europe.Stalingrad
72%
Germany's "Desert Fox" in North AfricaErwin Rommel
67%
The coastal French city from which the Allied armies retreated across the channel to EnglandDunkirk
65%
This era started at the end of the warCold War
64%
The British's "Great Appeaser"Neville Chamberlain
58%
Prime Minister of Imperial JapanHideki Tojo
40%

Score Distribution

Percentile by Number Answered

Percent of People with Each Score

Your Score History

You have not taken this quiz since the last reset